Los frisos antropomorfos en la cerámica funeraria de La Aguada de la Colección Muñiz Barreto /

Se analizan los frisos antropomorfos presentes en vasijas funerarias del cementerio de La Aguada Orilla Norte (Catamarca, Argentina). La muestra forma parte de la Colección Muñiz Barreto depositada en el Museo de La Plata. Asimismo, se realiza un estudio contextual de las tumbas en que se hallan dic...

Full description

Bibliographic Details
Main Author: Balesta, Barbara
Other Authors: Zagorodny, Nora
Format: Analitica de revista
Language:Spanish
Published: San Pedro de Atacama Universidad Católica del Norte 2003
Subjects:

MARC

LEADER 00000cab a2200000 a 4500
001 031557
003 UAHC_CL
005 20170803123354.0
008 050421b xx j 000 1 spa
040 |a UAHC_CL  |c UAHC_CL  |d UAHC_CL 
100 1 |a Balesta, Barbara 
245 1 4 |a Los frisos antropomorfos en la cerámica funeraria de La Aguada de la Colección Muñiz Barreto /  |c Barbara Balesta y Nora Zagorodny. 
260 |b Universidad Católica del Norte  |a San Pedro de Atacama  |c 2003 
500 |a En: Estud. atacam., 2002, no.24, p.39-50. ISSN 0718-1043. 
520 |a Se analizan los frisos antropomorfos presentes en vasijas funerarias del cementerio de La Aguada Orilla Norte (Catamarca, Argentina). La muestra forma parte de la Colección Muñiz Barreto depositada en el Museo de La Plata. Asimismo, se realiza un estudio contextual de las tumbas en que se hallan dichas vasijas. Como resultado del análisis se propone un ajuste de la clasificación vigente de los personajes antropomorfos, basada en los atributos reconocidos en cada representación. 
520 |a Se analizan los frisos antropomorfos presentes en vasijas funerarias del cementerio de La Aguada Orilla Norte (Catamarca, Argentina). La muestra forma parte de la Colección Muñiz Barreto depositada en el Museo de La Plata. Asimismo, se realiza un estudio contextual de las tumbas en que se hallan dichas vasijas. Como resultado del análisis se propone un ajuste de la clasificación vigente de los personajes antropomorfos, basada en los atributos reconocidos en cada representación. 
650 4 |a CERAMICA FUNERARIA 
700 1 |a Zagorodny, Nora 
759 |a PP063 
773 0 |t Estudios Atacameños.  |w 031462 
900 |a ESTUD. ATACAMEÑOS-24/02 
942 |c REVA 
952 |0 0  |1 0  |4 0  |6 ESTUD___ATACAMEÑOS24_02_000000000000000  |7 0  |8 General  |9 61634  |a BC  |b BC  |c General  |d 2017-08-03  |l 0  |o ESTUD. ATACAMEÑOS-24/02  |p FICTICIO2417  |r 2019-01-08 00:00:00  |t 1  |w 2017-08-03  |y REVA 
999 |c 31557  |d 31557